00589nam a2200217Ia 4500008004100000041001200041082000800053082001100061100001800072100001100090245002400101260001100125260003500136260000900171300001500180650001700195650001700212942000700229999001900236952011600255150901s9999 xx 000 0 und d aEnglish a635 bWIN/GE aWinkler A J  eAuthor aGeneral viticulture aLondon bUniversity of California Press c1972 a633 Pages aFloriculture aHorticulture cBK c237175d237175 00104070aKAUCOAbKAUCOAd2022-03-03l0o635 WIN/GEpKAU-COA-2119 r2015-09-16 00:00:00w2015-09-16yBK